000 00540nam a2200181 i 4500
001 116618
003 ES-MaACL
005 20230906190734.0
007 t|
008 061121s1970 sp r ||||1| spa d
100 1 _aOtero Pedrayo, Ramón,
_d1888-1976
_987917
245 1 0 _aJulio Prieto Nespereira /
_cRamón Otero Pedrayo.
260 _aMadrid :
_bEd. Nacional,
_c1970.
300 _a126 p., 23 lám. ;
_c24 cm.
600 1 4 _aPrieto Nespereira, Julio.
_9143891
852 _aES-MaACL
_jC-37696
_bR.73136
999 _c116618
_d116618